| 000 | 01300nam a2200265 a 4500 | ||
|---|---|---|---|
| 001 | ASIN1856697215 | ||
| 003 | OSt | ||
| 005 | 20180116192421.0 | ||
| 008 | 140227s2011 xxu eng d | ||
| 020 |
_a1856697215 (paperback) _c$35.00 |
||
| 020 | _a9781856697217 (paperback) | ||
| 040 | _cSADA | ||
| 050 | 0 | 4 | _aZ261 |
| 082 | 0 | 4 | _a736.98 |
| 100 | 1 |
_aJackson, Paul. _97360 |
|
| 245 | 1 | 0 |
_aFolding techniques for designers : _bfrom sheet to form / _cPaul Jackson. |
| 250 | _aPap/Cdr ed. | ||
| 260 |
_a[S.l.] : _bLaurence King Publishing, _c2011.1 CD-ROM (4 3/4 in.) |
||
| 300 |
_a224 p. ; _c22 cm. + 1 CD-ROM (4 3/4 in.) |
||
| 520 | _aMany designers use folding techniques in their work to make three-dimensional forms from two-dimensional sheets of fabric, cardboard, plastic, metal, and many other materials. This unique book explains the key techniques of folding, such as pleated surfaces, curved folding and crumpling. An elegant, practical handbook, it covers over 70 techniques explained by clear step-by-step drawings, crease-pattern drawings, and specially commissioned photography. | ||
| 650 | 0 |
_aPaper folding (Graphic design) _97361 |
|
| 650 | 0 |
_aPaper work _97362 |
|
| 856 | 4 | 0 |
_3Amazon.com _uhttp://www.amazon.com/exec/obidos/ASIN/1856697215/chopaconline-20 |
| 942 |
_2ddc _cBK |
||
| 999 |
_c353903 _d353903 |
||